| 000 | 00763nam a2200229 i 4500 | ||
|---|---|---|---|
| 001 | 118033 | ||
| 003 | ES-MaACL | ||
| 005 | 20250831015843.0 | ||
| 007 | t| | ||
| 008 | 070214s1916 sp r ||||1| spa d | ||
| 100 | 1 |
_aPereyra, Carlos, _d1871-1942 _990541 |
|
| 245 | 1 | 3 |
_aEl mito de Monroe / _cCarlos Pereyra. |
| 260 |
_aMadrid : _bAmérica, _c1916. |
||
| 300 |
_a471 p. ; _c20 cm. |
||
| 490 | 1 | _aBiblioteca de ciencias políticas y sociales | |
| 650 | 4 |
_aMonroe, Doctrina de. _9149194 |
|
| 651 | 4 |
_aAmérica Latina- _xRelaciones- _zEstados Unidos _97761 |
|
| 651 | 4 |
_aEstados Unidos- _xRelaciones- _zAmérica Latina _98561 |
|
| 830 | 0 |
_aBiblioteca de ciencias políticas y sociales _9184030 |
|
| 852 |
_aES-MaACL _jD-4174 |
||
| 999 |
_c118033 _d118033 |
||